[Event "41st Olympiad Women 2014"]
[Site "Tromso NOR"]
[Date "2014.08.06"]
[Round "5.1"]
[Board "4"]
[White "Tan, Zhongyi"]
[Black "Citra, Dewi Ardhiani Anastasia"]
[Result "1-0"]
[WhiteTitle "WGM"]
[BlackTitle "WFM"]
[WhiteElo "2468"]
[BlackElo "2128"]
[WhiteTeam "China"]
[BlackTeam "Indonesia"]
[WhiteFideId "8603642"]
[BlackFideId "7101244"]
[EventDate "2014.08.02"]

1. Nf3 c5 2. c4 g6 3. Nc3 Nc6 4. e3 Nf6 5. d4 d6 6. Be2 Bg7 7. O-O O-O 8. d5 Ne5
9. Ne1 Ne8 10. f4 Nd7 11. e4 e6 12. dxe6 fxe6 13. Be3 Nb8 14. Bxc5 Nc6 15. Be3
b6 16. Qd2 Ba6 17. Rd1 Qf6 18. Nf3 Rc8 19. Kh1 Rf7 20. f5 exf5 21. exf5 gxf5 22.
Ng5 Rf8 23. Bd3 Qg6 24. Nd5 Be5 25. g4 Ng7 26. gxf5 Nxf5 27. Rxf5 Rxf5 28. Nf3
Qh5 29. Qg2+ Kh8 30. Bxf5 Qxf5 31. Nxe5 Nxe5 32. Bg5 Rf8 33. Rg1 Qf3 34. Qxf3
Nxf3 35. Be7 Bxc4 36. Bxf8 Bxd5 37. Rd1 Be4 38. Bxd6 Kg7 39. Kg2 Kf6 40. Bb8
Nd4+ 41. Kf2 Nc6 42. Ke3 Bg2 43. Rd2 Bh1 44. Bg3 Kf5 45. Rd7 h5 46. a3 a6 47.
Rf7+ Kg6 48. Rb7 b5 49. Rb6 Kg5 50. Rxa6 h4 51. Bd6 Kf5 52. Rb6 Ke6 53. Bf4 b4
54. a4 h3 55. a5 Kd5 56. b3 Kc5 57. Kd2 Bd5 58. Be3+ Kd6 59. a6 Kc7 60. Rb5 Ne7
61. a7 Bc6 62. Rxb4 Nd5 63. Rb8 Nf6 64. a8=Q Ne4+ 65. Kc2 Bxa8 66. Rxa8 Kc6 67.
Rh8 Kb5 68. Rxh3 Nf6 69. Rf3 Nd5 70. Rf5 Kb4 71. Rxd5 1-0

[Event "41st Olympiad Women 2014"]
[Site "Tromso NOR"]
[Date "2014.08.06"]
[Round "5.2"]
[Board "1"]
[White "Blackman, Katrina"]
[Black "Sahl, Sheila Barth"]
[Result "0-1"]
[WhiteTitle "WCM"]
[BlackTitle "WIM"]
[WhiteElo "1627"]
[BlackElo "2216"]
[WhiteTeam "Barbados"]
[BlackTeam "Norway"]
[WhiteFideId "11100540"]
[BlackFideId "1500953"]
[EventDate "2014.08.02"]

1. e4 c5 2. Nf3 d6 3. Bb5+ Nd7 4. d4 Nf6 5. e5 cxd4 6. Bxd7+ Nxd7 7. exd6 e5 8.
Nxd4 Qa5+ 9. Bd2 Qb6 10. Bc3 exd4 11. Bxd4 Qxd6 12. O-O Nf6 13. Re1+ Be6 14. Nc3
Be7 15. Nb5 Qd7 16. Bxf6 Bxf6 17. Nd6+ Ke7 18. Nf5+ Kf8 19. Ne3 Qxd1 20. Raxd1
Rd8 21. b3 Rxd1 22. Rxd1 Ke7 23. Re1 Rd8 24. g3 Bc3 25. Re2 b5 26. a4 bxa4 27.
bxa4 Kf8 28. Kg2 Bc8 29. Nc4 Ba6 0-1

[Event "41st Olympiad Women 2014"]
[Site "Tromso NOR"]
[Date "2014.08.06"]
[Round "5.2"]
[Board "2"]
[White "Dolzhikova, Olga"]
[Black "Murray, Donna"]
[Result "1-0"]
[WhiteTitle "WGM"]
[WhiteElo "2166"]
[BlackElo "1454"]
[WhiteTeam "Norway"]
[BlackTeam "Barbados"]
[WhiteFideId "14105870"]
[BlackFideId "11102470"]
[EventDate "2014.08.02"]

1. e4 e6 2. Qe2 Ne7 3. g3 d5 4. e5 b6 5. Bg2 Ba6 6. d3 Qd7 7. Nf3 Nbc6 8. c3 Nf5
9. g4 Nfe7 10. Bf4 Ng6 11. Bg3 Be7 12. h4 Bc5 13. h5 Nge7 14. O-O O-O-O 15. b4
Nxb4 16. cxb4 Bxb4 17. a3 Qa4 18. Rc1 Ba5 19. Nfd2 Qd4 20. Nb3 Qa4 21. Nxa5 Qxa5
22. Qc2 Rd7 23. Nc3 Kb8 24. Na2 c5 25. Nc3 Rc8 26. Bf4 Bb7 27. Bd2 Qa6 28. a4
Nc6 29. Nb5 Nxe5 30. Bf4 f6 31. Qe2 Ka8 32. Bxe5 fxe5 33. Qxe5 Re7 34. Qd6 Rce8
35. Nc7+ Rxc7 36. Qxc7 Qxd3 37. Qd7 Rf8 38. Qxe6 Qd4 39. Rf1 Bc8 40. Qxd5+ Qxd5
41. Bxd5+ Bb7 42. Bxb7+ Kxb7 43. Rae1 Rf7 44. Re4 Ka6 45. f4 Ka5 46. g5 a6 47.
f5 Rd7 48. f6 gxf6 49. gxf6 Rd5 50. f7 Rg5+ 51. Kf2 Rf5+ 52. Ke2 h6 53. Rxf5 1-0

[Event "41st Olympiad Women 2014"]
[Site "Tromso NOR"]
[Date "2014.08.06"]
[Round "5.2"]
[Board "3"]
[White "Ramsay, Sheena"]
[Black "Koskela, Niina"]
[Result "0-1"]
[WhiteTitle "WCM"]
[BlackTitle "WGM"]
[WhiteElo "1579"]
[BlackElo "2213"]
[WhiteTeam "Barbados"]
[BlackTeam "Norway"]
[WhiteFideId "11101610"]
[BlackFideId "500755"]
[EventDate "2014.08.02"]

1. d4 d5 2. Nf3 Nf6 3. c3 c6 4. Bg5 Ne4 5. Bh4 Qb6 6. Qb3 Qxb3 7. axb3 Bf5 8.
Nbd2 Nd7 9. Nxe4 Bxe4 10. Nd2 Bg6 11. e3 e6 12. Be2 Bd6 13. Bf3 O-O 14. O-O Rfc8
15. b4 Nb6 16. Rfe1 f5 17. Bd1 e5 18. Bc2 e4 19. Bb3 Bf7 20. f3 exf3 21. Nxf3 h6
22. Bf2 g5 23. g3 Nd7 24. Bc2 Be6 25. Kg2 Rf8 26. Nd2 a6 27. Nf1 Kg7 28. h3 Rae8
29. Re2 Nf6 30. Rae1 Bd7 31. Nh2 Re7 32. Bd3 Ref7 33. Nf3 Ne4 34. Rf1 Be6 35.
Be1 Re8 36. Nd2 Rfe7 37. Nb3 Bc8 38. Bxe4 Rxe4 39. Bf2 f4 40. gxf4 gxf4 41. Nc5
R4e7 42. Rfe1 Kh7 43. Kh1 Bxh3 44. Nxb7 Rxb7 45. exf4 Rxe2 46. Rxe2 Bxf4 0-1

[Event "41st Olympiad Women 2014"]
[Site "Tromso NOR"]
[Date "2014.08.06"]
[Round "5.2"]
[Board "4"]
[White "Hagesather, Ellen"]
[Black "Nurse, Lydia"]
[Result "1-0"]
[WhiteTitle "WIM"]
[WhiteElo "2182"]
[BlackElo "1364"]
[WhiteTeam "Norway"]
[BlackTeam "Barbados"]
[WhiteFideId "1501909"]
[BlackFideId "11101261"]
[EventDate "2014.08.02"]

1. c4 Nf6 2. g3 g6 3. Bg2 Bg7 4. e4 e5 5. Ne2 O-O 6. O-O d6 7. h3 Be6 8. d3 Nbd7
9. f4 Nc5 10. Nbc3 a5 11. Be3 b6 12. f5 Bc8 13. g4 h6 14. Qd2 Nh7 15. Bxh6 Bxh6
16. Qxh6 Qg5 17. Qxg5 Nxg5 18. Rad1 Bb7 19. Nb5 Na6 20. h4 Nh7 21. g5 c6 22.
Nxd6 Ra7 23. Nxb7 Rxb7 24. d4 exd4 25. Rxd4 b5 26. cxb5 cxb5 27. Rd6 Nc5 28.
fxg6 fxg6 29. Rxg6+ Kh8 30. Rxf8+ Nxf8 31. Rh6+ Rh7 32. Rxh7+ Kxh7 33. Nd4 b4
34. Kh2 Kg6 35. Nc6 Nb7 36. Kg3 Ne6 37. Kg4 Ned8 38. e5 Kg7 39. Nxd8 Nxd8 40.
Bd5 1-0

[Event "41st Olympiad Women 2014"]
[Site "Tromso NOR"]
[Date "2014.08.06"]
[Round "5.3"]
[Board "1"]
[White "Hoang, Thanh Trang"]
[Black "Pourkashiyan, Atousa"]
[Result "1-0"]
[WhiteTitle "GM"]
[BlackTitle "WGM"]
[WhiteElo "2485"]
[BlackElo "2352"]
[WhiteTeam "Hungary"]
[BlackTeam "Iran"]
[WhiteFideId "12400149"]
[BlackFideId "12502014"]
[EventDate "2014.08.02"]

1. d4 Nf6 2. Nf3 e6 3. Bf4 b6 4. e3 Bb7 5. Bd3 c5 6. c3 Be7 7. h3 d6 8. O-O O-O
9. Nbd2 cxd4 10. exd4 Nbd7 11. Bh2 Re8 12. Re1 Qc7 13. Qe2 Nf8 14. Ne4 Nxe4 15.
Bxe4 Bxe4 16. Qxe4 Nd7 17. Qd3 Nf6 18. c4 Qb7 19. b4 Rac8 20. Rac1 Red8 21. Qb3
h6 22. Rc2 Rd7 23. Rec1 Rdd8 24. Qa4 Ne4 25. Qb3 Bf8 26. Bf4 Rd7 27. d5 exd5 28.
cxd5 Rdc7 29. Rxc7 Rxc7 30. Nd4 Rxc1+ 31. Bxc1 b5 32. Nc6 a6 33. Qf3 Nf6 34. Bb2
Be7 35. Qf5 Qc7 36. Qc8+ Bd8 37. Qxd8+ Qxd8 38. Nxd8 Nxd5 39. a3 Nb6 40. Nc6 Nc4
41. Bc1 Kf8 42. Kf1 Ke8 43. Ke2 Kd7 44. Nd4 h5 45. Kd3 d5 46. Nb3 Kc6 47. Kd4 f6
48. Nc5 a5 49. Ne6 g5 50. Ng7 axb4 51. axb4 Nd6 52. Nxh5 Ne8 53. f4 gxf4 54.
Bxf4 f5 55. Be5 1-0

[Event "41st Olympiad Women 2014"]
[Site "Tromso NOR"]
[Date "2014.08.06"]
[Round "5.3"]
[Board "2"]
[White "Khademalsharieh, Sarasadat"]
[Black "Madl, Ildiko"]
[Result "1/2-1/2"]
[WhiteTitle "WGM"]
[BlackTitle "IM"]
[WhiteElo "2324"]
[BlackElo "2347"]
[WhiteTeam "Iran"]
[BlackTeam "Hungary"]
[WhiteFideId "12512214"]
[BlackFideId "700550"]
[EventDate "2014.08.02"]

1. d4 d5 2. c4 c6 3. Nf3 Nf6 4. e3 e6 5. b3 Nbd7 6. Bd3 Ne4 7. Nbd2 f5 8. O-O
Bd6 9. Bb2 Qf6 10. a4 a5 11. Ba3 Bxa3 12. Rxa3 O-O 13. Ra1 Kh8 14. Ne1 Qh6 15.
f4 g5 16. Qe2 Ndf6 17. fxg5 Nxg5 18. Nef3 Ng4 19. Rae1 Rg8 20. g3 Ne4 21. Bxe4
dxe4 22. Nh4 Nxe3 23. Qxe3 Qxh4 24. Nf3 Qe7 25. Ne5 Bd7 26. Rf4 Rg7 27. Ref1 Rd8
28. c5 Be8 29. Kh1 Bg6 30. Qc3 Kg8 31. R1f2 Rd5 32. Rd2 Qc7 33. Kg1 Be8 34. Kf2
b6 35. cxb6 Qxb6 36. Nc4 Qa7 37. Ne3 Rd8 38. Qc4 Qf7 39. Kg2 Kh8 40. Qc5 Qf6 41.
Qxa5 Rxd4 42. Rdf2 Qd8 43. Qe5 Qd6 44. Qf6 Rd3 45. Nc4 Qe7 46. Qxe7 Rxe7 47. g4
Rxb3 48. gxf5 exf5 49. Rxf5 e3 50. Re2 Bg6 51. Re5 Rxe5 52. Nxe5 Bh5 53. Re1 e2
54. h3 c5 55. Ng4 Ra3 56. Rxe2 Rxa4 57. Kg3 Ra7 58. Rc2 Rc7 59. Ne5 Kg7 60. Kf4
Kf6 1/2-1/2

[Event "41st Olympiad Women 2014"]
[Site "Tromso NOR"]
[Date "2014.08.06"]
[Round "5.3"]
[Board "3"]
[White "Gara, Anita"]
[Black "Hejazipour, Mitra"]
[Result "1/2-1/2"]
[WhiteTitle "IM"]
[BlackTitle "WIM"]
[WhiteElo "2327"]
[BlackElo "2269"]
[WhiteTeam "Hungary"]
[BlackTeam "Iran"]
[WhiteFideId "709751"]
[BlackFideId "12505951"]
[EventDate "2014.08.02"]

1. e4 c5 2. Nf3 Nc6 3. Nc3 g6 4. d4 cxd4 5. Nxd4 Bg7 6. Nb3 Nf6 7. Be2 d6 8. O-O
O-O 9. Re1 Be6 10. Bf1 a5 11. a4 Bxb3 12. cxb3 Rc8 13. Be3 Nd7 14. Rc1 Nc5 15.
f3 Ne6 16. Bc4 Ned4 17. Qd2 Re8 18. Kh1 e6 19. Rcd1 Qf6 20. Qf2 h6 21. Rd2 g5
22. Red1 e5 23. Bb5 Qe6 24. Bxd4 exd4 25. Ne2 d5 26. Bxc6 Qxc6 27. exd5 Qxd5 28.
Nxd4 Bxd4 29. Rxd4 Qxb3 30. h4 Qc2 31. Qg3 Qg6 32. Rd5 Qh5 33. Kg1 Qxh4 34. Qxh4
gxh4 35. R1d2 b6 36. Rh5 Rc6 37. Rxh4 Ree6 38. Kf2 Kg7 39. Rg4+ Rg6 40. Rxg6+ 1/2-1/2

[Event "41st Olympiad Women 2014"]
[Site "Tromso NOR"]
[Date "2014.08.06"]
[Round "5.4"]
[Board "1"]
[White "Lagno, Kateryna"]
[Black "Dzagnidze, Nana"]
[Result "1/2-1/2"]
[WhiteTitle "GM"]
[BlackTitle "GM"]
[WhiteElo "2540"]
[BlackElo "2550"]
[WhiteTeam "Russia"]
[BlackTeam "Georgia"]
[WhiteFideId "14109336"]
[BlackFideId "13601903"]
[EventDate "2014.08.02"]

1. e4 c5 2. Nf3 e6 3. d4 cxd4 4. Nxd4 a6 5. Bd3 Nf6 6. O-O e5 7. Nb3 d6 8. c4
Be6 9. Nc3 Be7 10. Be3 Ng4 11. Bd2 Nc6 12. Nd5 O-O 13. h3 Nf6 14. Be3 Nd7 15.
Be2 Bg5 16. Qd2 Bxe3 17. Qxe3 a5 18. Rac1 a4 19. Nd2 Bxd5 20. cxd5 Nd4 21. Nc4
Qe7 22. Bg4 Nf6 23. f4 Nxg4 24. hxg4 f6 25. Nd2 Qd7 26. Nf3 Nxf3+ 27. gxf3 Rfc8
28. fxe5 fxe5 29. Kg2 Rxc1 30. Rxc1 Rc8 31. Rxc8+ Qxc8 32. Qa7 Qd7 33. Qb8+ Kf7
34. Kg3 h6 35. b3 axb3 36. axb3 Kg6 37. b4 Qe7 38. b5 h5 39. Qc8 hxg4 40. Qf5+
Kh6 41. Kxg4 g6 42. Qc8 Qg5+ 43. Kh3 Qh5+ 44. Kg3 Qg5+ 45. Kh3 Qh5+ 46. Kg3 Qg5+ 1/2-1/2

[Event "41st Olympiad Women 2014"]
[Site "Tromso NOR"]
[Date "2014.08.06"]
[Round "5.4"]
[Board "4"]
[White "Melia, Salome"]
[Black "Pogonina, Natalija"]
[Result "1/2-1/2"]
[WhiteTitle "IM"]
[BlackTitle "WGM"]
[WhiteElo "2475"]
[BlackElo "2479"]
[WhiteTeam "Georgia"]
[BlackTeam "Russia"]
[WhiteFideId "13602446"]
[BlackFideId "4147855"]
[EventDate "2014.08.02"]

1. e4 e5 2. Nf3 Nc6 3. Bb5 a6 4. Ba4 Nf6 5. O-O b5 6. Bb3 Bb7 7. Re1 Bc5 8. c3
O-O 9. d4 Bb6 10. Bg5 d6 11. Bd5 h6 12. Bxf6 Qxf6 13. Na3 Rab8 14. Nc2 Ne7 15.
Bxb7 Rxb7 16. a4 c6 17. axb5 axb5 18. Ra6 Rc8 19. Qe2 Rbb8 20. h3 Ng6 21. g3 Qe7
22. Kg2 Qb7 23. Raa1 Ra8 24. Ne3 exd4 25. cxd4 Ne7 26. h4 Rxa1 27. Rxa1 Ra8 28.
Rd1 Ra2 29. h5 Qd7 30. Nh4 Qe6 31. Nef5 Nxf5 32. Nxf5 d5 33. f3 Kh7 34. Rd2 g6
35. hxg6+ fxg6 36. Nh4 Bd8 37. exd5 Qxe2+ 38. Rxe2 cxd5 39. f4 Bxh4 40. gxh4 Ra4
41. Re7+ Kg8 42. Rb7 Rxd4 43. Rxb5 Rxf4 44. h5 g5 45. Rxd5 Rh4 46. Rd6 Kg7 47.
Rg6+ Kh7 48. Rb6 Rxh5 49. Rb4 Kg6 50. Rc4 Rh4 51. Rxh4 gxh4 52. Kh3 Kf5 1/2-1/2

[Event "41st Olympiad Women 2014"]
[Site "Tromso NOR"]
[Date "2014.08.06"]
[Round "5.5"]
[Board "1"]
[White "Vega Gutierrez, Sabrina"]
[Black "Peng, Zhaoqin"]
[Result "1-0"]
[WhiteTitle "IM"]
[BlackTitle "GM"]
[WhiteElo "2395"]
[BlackElo "2391"]
[WhiteTeam "Spain"]
[BlackTeam "Netherlands"]
[WhiteFideId "2219026"]
[BlackFideId "1004786"]
[EventDate "2014.08.02"]

1. e4 e6 2. d4 d5 3. Nd2 c5 4. exd5 exd5 5. Bb5+ Nc6 6. Ngf3 Bd6 7. dxc5 Bxc5 8.
O-O Ne7 9. Nb3 Bd6 10. Re1 O-O 11. Bd3 h6 12. h3 Nf5 13. c3 Qf6 14. Bc2 Rd8 15.
Qd3 g6 16. Qe2 Bf8 17. Ne5 Nd6 18. Nxc6 bxc6 19. Be3 Re8 20. Qf1 Bf5 21. Bd4 Qg5
22. Rxe8 Rxe8 23. Bxf5 Nxf5 24. Bxa7 Bd6 25. Re1 Ra8 26. Bc5 Bxc5 27. Nxc5 Nh4
28. f4 Qg3 29. Ra1 Ra5 30. Nb3 Ra4 31. Qf2 Qxf2+ 32. Kxf2 Rxf4+ 33. Kg1 Ra4 34.
a3 Nf5 35. Nc5 Ra7 36. a4 Nd6 37. a5 f5 38. b4 Kf7 39. Kf2 Nb5 40. Rc1 Kf6 41.
c4 dxc4 42. Rxc4 Ke5 43. Nd3+ Kd6 44. Nf4 Rg7 45. h4 g5 46. Nh5 Rf7 47. Ng3 Nc7
48. Ne2 Na6 49. Nd4 Kd5 50. Rxc6 Nxb4 51. Rb6 Nd3+ 52. Ke3 Nc5 53. Nb3 Nxb3 54.
Rxb3 gxh4 55. Rb5+ Ke6 56. a6 Rg7 57. Ra5 Ra7 58. Kf4 Kd6 59. Rxf5 Kc6 60. Rf6+
Kb5 61. Rxh6 Rg7 62. Kf3 Rg3+ 63. Kf2 Rg7 64. Rxh4 Kxa6 65. g4 Kb6 66. Kf3 Kc7
67. Kf4 Kd7 68. Kf5 Ke7 69. g5 Rf7+ 70. Kg6 Rf1 71. Kg7 Rf7+ 72. Kg6 Rf1 73.
Re4+ Kf8 74. Ra4 Rg1 75. Ra5 Rg2 76. Ra8+ Ke7 77. Kh6 Kf7 78. Ra7+ Kf8 79. Kg6
Rg1 80. Ra8+ Ke7 81. Rg8 Rf1 82. Kh7 Rh1+ 83. Kg7 Ra1 84. g6 Ra7 85. Rf8 Ra6 86.
Rf7+ Ke8 87. Rf4 Re6 88. Kh7 1-0

[Event "41st Olympiad Women 2014"]
[Site "Tromso NOR"]
[Date "2014.08.06"]
[Round "5.5"]
[Board "2"]
[White "Haast, Anne"]
[Black "Alexandrova, Olga"]
[Result "1-0"]
[WhiteTitle "WIM"]
[BlackTitle "IM"]
[WhiteElo "2324"]
[BlackElo "2424"]
[WhiteTeam "Netherlands"]
[BlackTeam "Spain"]
[WhiteFideId "1017292"]
[BlackFideId "14102463"]
[EventDate "2014.08.02"]

1. e4 c6 2. d4 d5 3. exd5 cxd5 4. c4 Nf6 5. Nc3 e6 6. Nf3 Bb4 7. cxd5 Nxd5 8.
Bd2 O-O 9. Bd3 Nc6 10. O-O Be7 11. Qe2 Nf6 12. Ne4 Qb6 13. a3 Rd8 14. Rfd1 Bd7
15. b4 Be8 16. Rac1 a6 17. h4 Na7 18. Bg5 Nd5 19. Nc5 Bb5 20. Bxe7 Bxd3 21. Bxd8
Bxe2 22. Bxb6 Bxd1 23. Rxd1 Nxb6 24. Nxb7 Nb5 25. Ra1 Ra7 26. Nc5 a5 27. bxa5
Nc4 28. a4 Nc7 29. Rb1 Kf8 30. Rb7 Rxb7 31. Nxb7 Ke7 32. Kf1 Na6 33. Ke2 f6 34.
Kd3 Nb2+ 35. Kc2 Nc4 36. Kc3 Nd6 37. Nxd6 Kxd6 38. Kc4 Kc6 39. Ne1 Nc7 40. Nd3
Ne8 41. Nc5 Nd6+ 42. Kd3 Kd5 43. a6 Nc8 44. Ne4 Kc6 45. Nc3 Kb6 46. Nb5 Kxa6 47.
Nc7+ Ka5 48. Nxe6 Kxa4 49. Nxg7 Kb5 50. Ne8 f5 51. Nf6 h6 52. Ng8 Kc6 53. Nxh6
Ne7 54. Nf7 Kd5 55. Ng5 f4 56. Nh3 f3 57. g4 Ke6 58. Ke4 Kf6 59. g5+ Kg6 60.
Nf4+ Kf7 61. h5 Kg7 62. d5 Nc8 63. Ke5 Kf7 64. g6+ Ke7 65. h6 Kf8 66. d6 Nb6 67.
Ke6 1-0

[Event "41st Olympiad Women 2014"]
[Site "Tromso NOR"]
[Date "2014.08.06"]
[Round "5.5"]
[Board "3"]
[White "Matnadze, Ana"]
[Black "Schut, Lisa"]
[Result "1/2-1/2"]
[WhiteTitle "IM"]
[BlackTitle "WIM"]
[WhiteElo "2385"]
[BlackElo "2317"]
[WhiteTeam "Spain"]
[BlackTeam "Netherlands"]
[WhiteFideId "13601377"]
[BlackFideId "1019481"]
[EventDate "2014.08.02"]

1. d4 Nf6 2. Nf3 g6 3. g3 d5 4. Bg2 Bg7 5. O-O O-O 6. c4 dxc4 7. Na3 c3 8. bxc3
c5 9. e3 Nc6 10. Qe2 Bf5 11. Rd1 Qb6 12. Nc4 Qa6 13. Bf1 Rac8 14. Qe1 Qa4 15.
Nb2 Qa5 16. d5 Be4 17. Ng5 Ne5 18. f4 Nf3+ 19. Nxf3 Bxf3 20. c4 Qb4 21. Be2
Qxe1+ 22. Rxe1 Bxe2 23. Rxe2 b5 24. e4 bxc4 25. e5 Nxd5 26. Nxc4 Rfd8 27. Bb2 f6
28. Rae1 Nb6 29. exf6 exf6 30. Rc1 Nd5 31. a3 Nb6 32. Kf2 Rd7 33. h4 Nxc4 34.
Rxc4 Kf7 35. Rec2 Rd3 36. Bc1 f5 37. Be3 Rxa3 38. Rxc5 Rxc5 39. Rxc5 Ra2+ 40.
Kf3 Bf8 41. Rc7+ Ke6 42. Rxa7 Rxa7 43. Bxa7 Kd5 44. Bb6 Bb4 45. Bd8 Kd4 46. Bb6+
Kd3 47. Bc7 Bc5 1/2-1/2

[Event "41st Olympiad Women 2014"]
[Site "Tromso NOR"]
[Date "2014.08.06"]
[Round "5.5"]
[Board "4"]
[White "Muhren, Bianca"]
[Black "Aranaz Murillo, Amalia"]
[Result "1-0"]
[WhiteTitle "WGM"]
[BlackTitle "WIM"]
[WhiteElo "2314"]
[BlackElo "2314"]
[WhiteTeam "Netherlands"]
[BlackTeam "Spain"]
[WhiteFideId "1008498"]
[BlackFideId "22200371"]
[EventDate "2014.08.02"]

1. e4 c6 2. d4 d5 3. Nc3 dxe4 4. Nxe4 Bf5 5. Ng3 Bg6 6. Nh3 e6 7. Nf4 Bd6 8. h4
Qc7 9. Nxg6 hxg6 10. Ne4 Bf4 11. Bxf4 Qxf4 12. Ng5 Nf6 13. g3 Qd6 14. Qd2 Nbd7
15. Bc4 Nb6 16. Bb3 Nbd5 17. O-O-O b5 18. c3 a5 19. Rde1 a4 20. Bc2 a3 21. b4
O-O 22. Qd3 Rfd8 23. h5 Nxb4 24. cxb4 Qxb4 25. hxg6 Qb2+ 26. Kd2 Qb4+ 27. Ke2
fxg6 28. Qxg6 Ra7 29. Bb3 1-0

[Event "41st Olympiad Women 2014"]
[Site "Tromso NOR"]
[Date "2014.08.06"]
[Round "5.6"]
[Board "1"]
[White "Bojkovic, Natasa"]
[Black "Muzychuk, Anna"]
[Result "1/2-1/2"]
[WhiteTitle "IM"]
[BlackTitle "GM"]
[WhiteElo "2425"]
[BlackElo "2555"]
[WhiteTeam "Serbia"]
[BlackTeam "Ukraine"]
[WhiteFideId "908550"]
[BlackFideId "14111330"]
[EventDate "2014.08.02"]

1. e4 e5 2. Nf3 Nc6 3. Bb5 a6 4. Ba4 Nf6 5. d3 b5 6. Bb3 Bc5 7. Nc3 d6 8. Nd5 h6
9. c3 Be6 10. O-O Bxd5 11. exd5 Ne7 12. d4 exd4 13. Nxd4 Qd7 14. Nc6 Nxc6 15.
dxc6 Qxc6 16. Re1+ Kf8 17. Be3 g6 18. Bd4 Bxd4 19. cxd4 d5 20. Rc1 Qd6 21. Re3
Rc8 22. Rec3 c6 23. Qc2 Qf4 24. g3 Qxd4 25. Rd1 Qe4 26. Bxd5 Qxc2 27. Rxc2 Nxd5
28. Rxd5 Kg7 29. Rd6 Rhd8 30. Rxd8 Rxd8 31. Rxc6 Rd2 32. Rxa6 Rxb2 33. Rb6 Rxa2
34. Rxb5 1/2-1/2

[Event "41st Olympiad Women 2014"]
[Site "Tromso NOR"]
[Date "2014.08.06"]
[Round "5.6"]
[Board "2"]
[White "Muzychuk, Mariya"]
[Black "Vojinovic, Jovana"]
[Result "0-1"]
[WhiteTitle "IM"]
[BlackTitle "WGM"]
[WhiteElo "2530"]
[BlackElo "2312"]
[WhiteTeam "Ukraine"]
[BlackTeam "Serbia"]
[WhiteFideId "14114550"]
[BlackFideId "937266"]
[EventDate "2014.08.02"]

1. e4 e6 2. d4 d5 3. Nc3 Bb4 4. e5 c5 5. a3 Bxc3+ 6. bxc3 Qa5 7. Bd2 Qa4 8. Qg4
Kf8 9. Nf3 Nc6 10. Qf4 Qxc2 11. dxc5 Nge7 12. Be2 Qf5 13. Qe3 Ng6 14. Bd3 Qh5
15. g4 Qxg4 16. Rg1 Qa4 17. Ke2 b6 18. cxb6 axb6 19. Qxb6 Ba6 20. Bxa6 Rxa6 21.
Qc5+ Kg8 22. h4 h6 23. h5 Ngxe5 24. Nxe5 Nxe5 25. Qd4 Qxd4 26. cxd4 Nc6 27. Kd3
Kh7 28. Rgb1 Rha8 29. Rb3 Ra4 30. Bc3 R8a7 31. Rb6 Na5 32. Bxa5 R4xa5 33. Rb3 f6
34. f4 g6 35. hxg6+ Kxg6 36. Ke3 Kf5 37. Kf3 h5 38. Kg3 Ra4 39. Rh1 Rxa3 40.
Rxh5+ Ke4 41. Rxa3 Rxa3+ 42. Kg4 Ra1 43. Kg3 Rg1+ 44. Kf2 Rg4 45. f5 Rf4+ 46.
Ke2 Rxf5 0-1

[Event "41st Olympiad Women 2014"]
[Site "Tromso NOR"]
[Date "2014.08.06"]
[Round "5.6"]
[Board "4"]
[White "Zhukova, Natalia"]
[Black "Rakic, Marija"]
[Result "1/2-1/2"]
[WhiteTitle "GM"]
[BlackTitle "WIM"]
[WhiteElo "2468"]
[BlackElo "2323"]
[WhiteTeam "Ukraine"]
[BlackTeam "Serbia"]
[WhiteFideId "14101513"]
[BlackFideId "936286"]
[EventDate "2014.08.02"]

1. d4 Nf6 2. c4 e6 3. Nf3 b6 4. Bf4 d5 5. e3 Bd6 6. Ne5 O-O 7. Bd3 Bb7 8. O-O
dxc4 9. Bxc4 c5 10. Nc3 Nc6 11. Nb5 Be7 12. dxc5 Bxc5 13. Qxd8 Rfxd8 14. Nxc6
Bxc6 15. Nc7 Rac8 16. Ba6 Rb8 17. Rfd1 Rxd1+ 18. Rxd1 Rf8 19. Nb5 Ra8 20. Nc7
Rf8 21. Nb5 Ra8 22. a3 Nd5 23. Bg3 f5 24. Be5 Bxb5 25. Bxb5 a5 26. Bc6 Rd8 27.
g4 g6 28. gxf5 gxf5 29. Bc7 Rc8 30. Bd7 Rxc7 31. Bxe6+ Kg7 32. Rxd5 f4 33. exf4
Kf6 34. Bg4 Re7 35. Kg2 Re1 36. Rf5+ Kg7 37. Rg5+ Kf6 38. Rf5+ Kg7 39. Rd5 Kf6
40. Rd2 Rb1 41. h4 Re1 42. Be2 h6 43. h5 Be7 44. Kf3 Bc5 45. Rd7 Rb1 46. Bc4 Be7
47. Rd2 Rc1 48. Ba2 Re1 49. Rc2 Bc5 50. b4 axb4 51. axb4 Bxb4 52. Rc6+ Kg7 53.
Rxb6 Bf8 54. Rg6+ Kh7 55. Bg8+ Kh8 56. Bd5 Kh7 57. Be4 Kh8 58. Bd5 Kh7 59. Be4
Kh8 60. Rf6 Kg7 61. Rc6 Rd1 62. Rc7+ Kf6 63. Bg6 Be7 64. Rb7 Rd2 65. Rb5 Kg7 66.
Ke3 Ra2 67. Bd3 Ra7 68. Rb1 Bc5+ 69. Kf3 Ra3 70. Ke4 Kf6 71. Rg1 Ra4+ 72. Kf3
Bf8 73. Rg6+ Kf7 74. Bc2 Rb4 75. Be4 Rd4 76. Bc2 Rb4 77. Kg4 Bg7 78. Ra6 Be5 79.
Ra7+ Kf8 80. Kf5 Bxf4 81. Be4 Bg5 82. f4 Rb5+ 83. Kg4 Bf6 84. Bg6 Be7 85. Ra8+
Kg7 86. Re8 Bf6 87. Bf5 Kf7 88. Rc8 Be7 89. Bd3 Rc5 90. Rh8 Bf8 91. Bg6+ Kg7 92.
Rh7+ Kg8 93. Rd7 Bg7 94. Bf7+ Kf8 95. Bb3 Rc3 96. Be6 Re3 97. Rf7+ Kg8 98. Kf5
Kh7 99. Rd7 Ra3 100. Rd8 Ba1 101. Bg8+ Kg7 102. Bc4 Ra5+ 103. Ke6 Rxh5 104. f5
Rh4 105. Rd7+ Kf8 106. Bd5 Ra4 107. Rc7 Ra6+ 108. Bc6 Ra2 109. Rc8+ Kg7 110. f6+
Bxf6 111. Rc7+ Kg6 112. Be8+ Kg5 113. Rc5+ Kg4 114. Kxf6 Rh2 115. Ba4 Rh1 116.
Rd5 Kf4 117. Be8 Kg4 118. Rd4+ Kg3 119. Bc6 Rh2 120. Rd3+ Kf4 121. Rf3+ Kg4 122.
Rf5 Rh3 123. Kg6 Rd3 124. Bd5 Rc3 125. Re5 Rd3 126. Be6+ Kf4 127. Rf5+ Ke4 128.
Rh5 Rg3+ 129. Kf6 Rf3+ 130. Bf5+ Kd5 131. Rxh6 Rf2 132. Rh8 Kd4 133. Rd8+ Ke3
134. Ke5 Rd2 135. Rh8 Rf2 136. Be4 Rf7 137. Rh3+ Kf2 138. Kd4 Re7 139. Rf3+ Ke2
140. Ra3 Rd7+ 141. Bd5 Rd8 142. Ra2+ Kd1 143. Rh2 Rd7 144. Ke4 Kc1 145. Rh1+ Kd2
146. Kd4 Rd8 147. Rh7 Ke2 148. Rf7 Rd6 149. Ke4 Rd8 150. Rh7 Kd2 151. Kd4 Ke2
152. Rh2+ Kd1 153. Kc4 Ke1 154. Bf3 Rd7 155. Kc3 Rd6 156. Be4 Rd8 157. Bd3 Re8
158. Ra2 Re7 159. Kd4 Kd1 160. Rf2 Ke1 161. Ra2 Kd1 162. Bf5 Re8 163. Kd3 Rd8+
164. Ke3 Kc1 165. Rc2+ Kd1 166. Rb2 Re8+ 167. Be4 Rc8 168. Rb7 Rc3+ 169. Bd3 Rc8
170. Rb1+ Rc1 171. Rb2 Rc8 172. Bf5 Rc3+ 173. Kd4 Rc6 174. Bd3 Rc8 175. Be4 Rd8+
176. Ke3 Rc8 177. Rb3 Rc7 178. Bf5 Rc6 179. Rd3+ Kc1 180. Be4 Rc8 181. Rb3 1/2-1/2